The pink triangle : the nazi war against homosexual /

Guardat en:
Dades bibliogràfiques
Autor principal: Plant, Richard (Autor)
Format: Llibre
Idioma:anglès
Publicat: New York : H. Holt, 1986
Etiquetes: Afegir etiqueta
Sense etiquetes, Sigues el primer a etiquetar aquest registre!

MARC

LEADER 00000nam a22000007i 4500
001 IT\ICCU\UBO\1759802
003 ItRI
005 20260226161851.0
008 040929s1986 xxu|||||| ||||| |||||c
020 |a 0805000593 
020 |a 0805006001 
040 |b ita  |c GP 
041 7 |a eng  |2 ISO-639-2 
100 1 |a Plant, Richard  |0 IT\ICCU\IEIV\045671  |4 aut 
245 1 4 |a The pink triangle :  |b the nazi war against homosexual /  |c Richard Plant. 
260 |a New York :  |b H. Holt,  |c 1986 
300 |a X, 257 p. ;  |c 21 cm. 
942 |2 ddc  |c BK 
952 |0 0  |1 0  |2 ddc  |4 0  |6 940_531800000000000_PLA  |7 1  |9 994  |a RM  |b RM  |d 2024-03-12  |l 0  |o 940.5318 PLA  |p 480  |r 2024-03-12 17:54:38  |w 2024-03-12  |y BK 
952 |0 0  |1 0  |4 0  |6 DOC_306_766000000000000_PLA  |7 0  |9 13475  |a BO  |b BO  |d 2026-01-15  |i 19129  |l 0  |o DOC 306.766 PLA  |p BO19129  |r 2026-01-15 23:18:22  |w 2026-01-15  |x [Sebina 7] [1 v.]  |y BK  |z 1 v. 
952 |0 0  |1 0  |4 0  |6 DOC_306_766000000000000_PLA  |7 0  |9 13476  |a BO  |b BO  |d 2026-01-15  |i 6609  |l 0  |o DOC 306.766 PLA  |p BO6609  |r 2026-01-15 23:18:22  |w 2026-01-15  |x [Sebina 5] [1 v.]  |y BK  |z 1 v. 
952 |0 0  |1 0  |4 0  |6 DOC_306_766000000000000_PLA  |7 0  |9 13477  |a BO  |b BO  |d 2026-01-15  |i 2355  |l 0  |o DOC 306.766 PLA  |p BO2355  |r 2026-01-15 23:18:22  |w 2026-01-15  |x [Sebina 5] [1 v.]  |y BK  |z 1 v. 
999 |c 904  |d 904